Southville International School and Colleges
Your cart is empty.
  • Cart
  • Lists
    Public lists Eva Luna New books Lux_list list_1
    Your lists Log in to create your own lists
  • Log in to your account
  • Your cookies
  • Search history
Southville International School and Colleges
  • Advanced search
  • Recent comments
  • Most popular
  • Libraries

Log in to your account

Log in with GOOGLE


If you do not have an external account, but do have a local account, you can still log in:

  1. Home
  2. MARC view: Scholastic Pocket Dictionary./
Normal view MARC view ISBD view

Scholastic Pocket Dictionary./ (Record no. 1148)

[ view plain ]
MARC details
000 -LEADER
fixed length control field 01361cam a2200361 a 4500
001 - CONTROL NUMBER
control field 16054469
003 - CONTROL NUMBER IDENTIFIER
control field OSt
005 - DATE AND TIME OF LATEST TRANSACTION
control field 20140310181658.0
008 - FIXED-LENGTH DATA ELEMENTS--GENERAL INFORMATION
fixed length control field 100114s2011 nyuab d 000 0 eng
010 ## - LIBRARY OF CONGRESS CONTROL NUMBER
LC control number 2010001521
020 ## - INTERNATIONAL STANDARD BOOK NUMBER
International Standard Book Number 0439620392
035 ## - SYSTEM CONTROL NUMBER
System control number (OCoLC)ocn475434216
040 ## - CATALOGING SOURCE
Original cataloging agency DLC
Transcribing agency DLC
Modifying agency IG#
-- BTCTA
-- OEM
-- M4L
-- DLC
042 ## - AUTHENTICATION CODE
Authentication code lcac
050 00 - LIBRARY OF CONGRESS CALL NUMBER
Classification number PE 1628.5
Item number .Sc368 2012
082 00 - DEWEY DECIMAL CLASSIFICATION NUMBER
Classification number REF 423
Item number Sc6p 2012
245 00 - TITLE STATEMENT
Title Scholastic Pocket Dictionary./
246 30 - VARYING FORM OF TITLE
Title proper/short title Pocket Dictionary
246 14 - VARYING FORM OF TITLE
Title proper/short title Scholastic new Pocket Dictionary
260 ## - PUBLICATION, DISTRIBUTION, ETC. (IMPRINT)
Place of publication, distribution, etc New York :
Name of publisher, distributor, etc Scholastic,
Date of publication, distribution, etc c2005.
300 ## - PHYSICAL DESCRIPTION
Extent viii : 615 p. :
Other physical details col. ill.
Dimensions 27 cm.
520 ## - SUMMARY, ETC.
Summary, etc Dictionary of English language, A-Z; Grammar guide; Punctuation guide; Idioms guide; Intials, Acronyms, and abbreviations guide
521 ## - TARGET AUDIENCE NOTE
Target audience note
541 ## - IMMEDIATE SOURCE OF ACQUISITION NOTE
-- 1
562 ## - COPY AND VERSION IDENTIFICATION NOTE
Number of copies For Circulation. 1 Copy Available in the Colletion
650 #0 - SUBJECT ADDED ENTRY--TOPICAL TERM
Topical term or geographic name as entry element English language
Form subdivision Dictionaries, Juvenile.
650 #1 - SUBJECT ADDED ENTRY--TOPICAL TERM
Topical term or geographic name as entry element English language
Form subdivision Dictionaries.
710 2# - ADDED ENTRY--CORPORATE NAME
Corporate name or jurisdiction name as entry element Scholastic Reference (Firm)
856 42 - ELECTRONIC LOCATION AND ACCESS
Materials specified Publisher description
Uniform Resource Identifier <a href="http://www.loc.gov/catdir/enhancements/fy1116/2010001521-d.html">http://www.loc.gov/catdir/enhancements/fy1116/2010001521-d.html</a>
906 ## - LOCAL DATA ELEMENT F, LDF (RLIN)
a 7
b cbc
c orignew
d 1
e ecip
f 20
g y-gencatlg
942 ## - ADDED ENTRY ELEMENTS (KOHA)
Source of classification or shelving scheme Library of Congress Classification
Koha item type
Call number prefix
Holdings
Withdrawn status Lost status Source of classification or shelving scheme Damaged status Home library Current library Shelving location Date acquired Total Checkouts Full call number Barcode Date last seen Copy number Price effective from Koha item type
    Library of Congress Classification   Luxembourg Library Luxembourg Library Reference Section 07/24/2012   PE 1628.5 .Sch368 2012 19224 10/02/2019 1 10/03/2013 Books

Scholastic Pocket Dictionary./

APA

Scholastic Reference (Firm), . (2005). Scholastic Pocket Dictionary. New York: Scholastic.

Chicago

Scholastic Reference (Firm), . 2005. Scholastic Pocket Dictionary. New York: Scholastic.

Harvard

Scholastic Reference (Firm), . (2005). Scholastic Pocket Dictionary. New York: Scholastic.

MLA

Scholastic Reference (Firm), . Scholastic Pocket Dictionary. New York: Scholastic. 2005.

  • Print
  • Cite
  • Add to your cart (remove)
  • Save record
    BIBTEX Dublin Core MARCXML MARC (non-Unicode/MARC-8) MARC (Unicode/UTF-8) MARC (Unicode/UTF-8, Standard) MODS (XML) RIS
  • More searches
    Search for this title in:
    Other Libraries (WorldCat) Other Databases (Google Scholar) Online Stores (Bookfinder.com) Open Library (openlibrary.org)

Exporting to Dublin Core...

SOUTHVILLE LIBRARY

Southville International School and Colleges Library

1281 Tropical Ave. Cor. Luxembourg St., BF Homes International, Las Pinas City

Tel. No. 8256374 / 252358 Loc. 117/146

Powered by Koha